| 000 | 00469nam a2200157Ia 4500 | ||
|---|---|---|---|
| 003 | SGT | ||
| 020 | _a9788185623221 | ||
| 082 |
_a5.133 _bLAF |
||
| 100 | _aLafore,Robert | ||
| 245 | _aObject-Oriented Programming in Turbo C++ | ||
| 260 |
_bG.K. Publishers _aNoida _c2011 |
||
| 300 | _a739p. | ||
| 650 | _aCOMPUTER SCIENCE | ||
| 653 | _aINTRODUCTION,A NOTE TO TEACHERS,CHAPTER 1:THE BIG PICTURE,CHAPTER 3: C++ PROGRAMMING BASICS,CHAPTER 6:FUNCTIONS | ||
| 942 |
_2ddc _cBK _02 |
||
| 999 |
_c4996 _d4996 |
||